000 00464nam a2200181Ia 4500
001 19860
005 20260306172723.0
008 260306t1976||||xx |||||||||||||| ||spa||
041 _aESP
082 _a341.2
_bR76
100 _aRodríguez Paniagua, José Ma.
_eAUT
245 0 _aLey y derecho:
_binterpretación e integración de la ley
260 _c1976
300 _a157 páginas :
_c21 cm.
650 _aGEN
654 _aCDE
942 _cLIB
_dJUS
_fJUS
_2ddc
_n
999 _c19860
_d19860